Hướng dẫn thực hành Photoshop CS ( photoshop 8)

Salvato in:
Dettagli Bibliografici
Autore principale: Minh Quang
Natura: Libro
Lingua:Undetermined
Pubblicazione: Hà Nội Thống kê 2004
Soggetti:
Tags: Aggiungi Tag
Nessun Tag, puoi essere il primo ad aggiungerne! !
Thư viện lưu trữ: Trung tâm Học liệu Trường Đại học Cần Thơ
LEADER 00585nam a2200205Ia 4500
001 CTU_74508
008 210402s9999 xx 000 0 und d
020 |c 73000 
082 |a 006.68 
082 |b M312 
100 |a Minh Quang 
245 0 |a Hướng dẫn thực hành Photoshop CS ( photoshop 8) 
245 0 |c Minh Quang 
260 |a Hà Nội 
260 |b Thống kê 
260 |c 2004 
650 |a Photoshop (computer programs),Computer grraphics 
650 |x Computer programs 
904 |i Minh 
980 |a Trung tâm Học liệu Trường Đại học Cần Thơ